|
|
|
|
| LEADER |
01270nam a2200313 a 4500 |
| 001 |
17557 |
| 003 |
BD-DhAAL |
| 005 |
20140610104413.0 |
| 008 |
140610s1983 cou b 000 0 eng |
| 010 |
|
|
|a 83042801
|
| 020 |
|
|
|a 0877732450 (pbk.)
|
| 020 |
|
|
|a 0394721837 (Random House : pbk.)
|
| 040 |
|
|
|a DLC
|c DLC
|d DLC
|d BD-DhAAL
|
| 050 |
0 |
0 |
|a HQ1206
|b .L43 1983
|
| 082 |
0 |
0 |
|a 616.89
|2 19
|
| 100 |
1 |
|
|a Leonard, Linda Schierse.
|9 4810
|
| 245 |
1 |
4 |
|a The wounded woman :
|b healing the father-daughter relationship /
|c Linda Schierse Leonard.
|
| 250 |
|
|
|a 1st Shambhala ed.
|
| 260 |
|
|
|a Boulder :
|b Shambhala ;
|a [New York] :
|b Distributed in the U.S. by Random House,
|c 1983.
|
| 300 |
|
|
|a 179 p. ;
|c 22 cm.
|
| 504 |
|
|
|a Includes bibliographical references.
|
| 541 |
|
|
|e 17557
|
| 650 |
|
0 |
|a Women
|x Psychology.
|9 482
|
| 650 |
|
0 |
|a Fathers and daughters.
|9 678
|
| 650 |
|
0 |
|a Femininity.
|9 3638
|
| 856 |
4 |
2 |
|3 Publisher description
|u http://www.loc.gov/catdir/description/random047/83042801.html
|
| 942 |
|
|
|2 ddc
|c BK
|
| 999 |
|
|
|c 14408
|d 14408
|
| 952 |
|
|
|0 0
|1 0
|2 ddc
|4 0
|6 616_890000000000000_LEO
|7 0
|9 24408
|a BRACUL
|b BRACUL
|c GEN
|d 2014-06-10
|l 3
|m 30
|o 616.89 LEO
|p 3010017557
|q 2026-06-02
|r 2026-05-16
|s 2026-05-16
|t 1
|w 2014-06-10
|y BK
|x Transferred from ENH to Ayesha Abed library on 20/12/2023
|